| 000 | 00333nam a22001217a 4500 | ||
|---|---|---|---|
| 082 | _a220 PRO | ||
| 100 |
_aHASSAM,ISRAR,QAMAR _972081 |
||
| 245 | _aPR-SOF-1289-CONTROL STRATEGY FOR POWERED ANKLE | ||
| 260 |
_aISLAMABAD _bNUST COLLEGE OF EME _c2013 |
||
| 650 | _aDE-ELECT-31 | ||
| 700 |
_aSUPERVISOR TAOSIF IQBAL _972082 |
||
| 942 | _cCR | ||
| 999 |
_c578272 _d578272 |
||